Structural Steel Design : LRFD Method /

Shranjeno v:
Bibliografske podrobnosti
Glavni avtor: McCormac, Jack C. (autor)
Drugi avtorji: Nelson, James K., hijo (autor) (autor)
Format: Knjiga
Jezik:angleščina
Izdano: Upper Saddle River, EUA : Prentice-Hall, 2003, c2003
Izdaja:3a edición
Teme:
Oznake: Označite
Brez oznak, prvi označite!

MARC

LEADER 00000nam^a2200000^a^4500
001 000189847
005 20250521000000.0
009 20260310102429.194
020 |a 0-13-047959-4 
037 |a Acervo ITESO - Biblioteca 
041 |a ING 
082 |a 624. 1821  |b MCC 
100 |a McCormac, Jack C.  |e (autor) 
245 1 0 |a Structural Steel Design :  |b LRFD Method /  |c J.C. McCormac, J.K. Nelson, hijo. 
250 |a 3a edición 
264 4 |a Upper Saddle River, EUA :  |b Prentice-Hall,  |c 2003, c2003 
300 |a XII, 713 p. +  |e 1 disco compacto de computadora 
336 |a texto  |b txt  |2 rdacontenido 
337 |a sin mediación  |b n  |2 rdamedio 
338 |a volumen  |b nc  |2 rdasoporte 
649 |a XX 
650 |a Estructuras de Acero -  |x Tema Principal 
650 |a Resistencia de Materiales 
650 |a Diseño Estructural -  |x Tema Principal 
650 |a Construcción 
650 |a Ingeniería Civil 
700 |a Nelson, James K.,  |c hijo  |e (autor) 
910 |a Fondo General 
920 |a Impresos - Libros 
930 |a Colección General 
905 |a 101 
901 |a 0500133026  |b IT1  |c ACC  |u 20250521 
901 |a 0500133327  |b IT2  |c SWS  |u 20250521 
902 |a https://opac.biblio.iteso.mx/vufind/Record/000189847